Zelené projekty v kontexte environmentálneho rozvoja obcí
Najzávažnejšie ekologické problémy. Vertikálna štruktúra programových dokumentov štrukturálneho financovania na Slovensku. Financovanie aktivít projektu z prostriedkov finančnej pomoci.
Guardado en:
| Autor principal: | |
|---|---|
| Formato: | Capítulo de libro |
| Lenguaje: | eslovaco |
| Materias: | |
| Etiquetas: |
Sin Etiquetas, Sea el primero en etiquetar este registro!
|
MARC
| LEADER | 00000naa a2200000 4500 | ||
|---|---|---|---|
| 001 | 0191991 | ||
| 005 | 20250514125235.3 | ||
| 041 | 0 | |a slo | |
| 044 | |a SK | ||
| 245 | 1 | 0 | |a Zelené projekty v kontexte environmentálneho rozvoja obcí |c Ingrid Šabíková |
| 520 | |a Najzávažnejšie ekologické problémy. Vertikálna štruktúra programových dokumentov štrukturálneho financovania na Slovensku. Financovanie aktivít projektu z prostriedkov finančnej pomoci. | ||
| 610 | 2 | 0 | |a financie verejné |
| 610 | 2 | 0 | |a financovanie zelené |
| 610 | 2 | 0 | |a projekty |
| 610 | 2 | 0 | |a politika environmentálna |
| 610 | 2 | 0 | |a rozvoj regionálny |
| 610 | 2 | 0 | |a obce |
| 610 | 2 | 0 | |a ochrana prostredia životného |
| 100 | 1 | |a Šabíková, Ingrid | |